[Event "NOR-chT 1516"]
[Site "Norway"]
[Date "2016.01.15"]
[Round "4.1"]
[White "Berg, Johan"]
[Black "Haldorsen, Benjamin"]
[Result "1-0"]
[WhiteElo "2236"]
[BlackElo "2264"]
[PlyCount "75"]
[EventDate "2015.10.30"]
[EventType "team-tourn"]
[EventRounds "9"]
[EventCountry "NOR"]
[SourceTitle "CBM 170 Extra"]
[Source "ChessBase"]
[SourceDate "2016.02.25"]
[SourceVersion "1"]
[SourceVersionDate "2016.02.25"]
[SourceQuality "1"]
[WhiteTeam "Black Knights"]
[BlackTeam "Bergens"]
[WhiteTeamCountry "NOR"]
[BlackTeamCountry "NOR"]

1. d4 d5 2. c4 dxc4 3. e4 e5 4. Nf3 exd4 5. Bxc4 Nc6 6. Nbd2 Be6 7. 0-0 Bxc4 8. Nxc4 Bc5 9. a3 Nge7 10. b4 Bb6 11. Bb2 0-0 12. b5 Na5 13. Nxb6 axb6 14. Nxd4 Nc4 15. Bc3 c5 16. bxc6 bxc6 17. Qg4 Ng6 18. Nf5 f6 19. Rfd1 Qc7 20. Rd7 Qxd7 21. Nh6+ gxh6 22. Qxd7 Nge5 23. Qe6+ Kg7 24. Bxe5 Nxe5 25. f4 Rfe8 26. Qf5 Nf7 27. a4 Ra5 28. Qg4+ Kf8 29. Re1 h5 30. Qf3 Kg7 31. Qb3 b5 32. e5 fxe5 33. Qg3+ Kf8 34. fxe5 bxa4 35. e6 Ng5 36. Rf1+ Kg8 37. h4 a3 38. hxg5 1-0

[Event "NOR-chT 1415"]
[Site "Norway"]
[Date "2015.02.07"]
[Round "7.5"]
[White "Berg, Johan"]
[Black "Gullaksen, Eirik Tvedt"]
[Result "0-1"]
[WhiteElo "2236"]
[BlackElo "2349"]
[PlyCount "164"]
[EventDate "2014.10.31"]
[EventType "team-tourn"]
[EventRounds "11"]
[EventCountry "NOR"]
[SourceTitle "EXT 2016"]
[Source "ChessBase"]
[SourceDate "2015.10.08"]
[SourceVersion "1"]
[SourceVersionDate "2015.10.08"]
[SourceQuality "1"]
[WhiteTeam "Black Knights"]
[BlackTeam "Bergens"]
[WhiteTeamCountry "NOR"]
[BlackTeamCountry "NOR"]

1. e4 e5 2. Nf3 Nc6 3. Bb5 a6 4. Ba4 Nf6 5. 0-0 Be7 6. d3 b5 7. Bb3 d6 8. a3 0-0 9. h3 Na5 10. Ba2 c5 11. Nc3 h6 12. Nh4 Nxe4 13. Ng6 Nxc3 14. bxc3 Re8 15. Qf3 Be6 16. Bxe6 fxe6 17. Qg4 Bg5 18. h4 Qf6 19. f4 Qxg6 20. h5 Qf5 21. Qxf5 exf5 22. fxg5 f4 23. gxh6 Re6 24. g3 Rxh6 25. gxf4 Rxh5 26. fxe5 Rxe5 27. Bf4 Re6 28. Rae1 Rae8 29. Rxe6 Rxe6 30. Kf2 Nc6 31. Re1 Kf7 32. Rg1 Ne7 33. Bd2 d5 34. a4 Rf6+ 35. Ke2 Nf5 36. axb5 axb5 37. Kd1 c4 38. Rg4 Rg6 39. Rf4 Rg1+ 40. Ke2 Ke6 41. Kf2 Rh1 42. Rg4 Rh2+ 43. Ke1 Kf6 44. Rg1 Rh3 45. Bg5+ Kf7 46. Kd2 Rg3 47. Rxg3 Nxg3 48. Ke3 Nf5+ 49. Kf4 Ke6 50. Bd8 Nd6 51. Bb6 Nf7 52. dxc4 bxc4 53. Bd4 g6 54. Kg4 Nd6 55. Kg5 Kf7 56. Kf4 Ke6 57. Kg5 Nb5 58. Kxg6 Na3 59. Kg5 Nxc2 60. Bg7 Ne3 61. Kf4 Nf5 62. Bf8 Nd6 63. Ke3 Nb5 64. Bb4 Kf5 65. Ba5 Ke5 66. Bb4 Nd6 67. Kd2 Nf5 68. Ba5 Ke4 69. Bd8 Kf3 70. Bc7 Ng7 71. Be5 Ne6 72. Bf6 Nc5 73. Bg7 Ne4+ 74. Kc2 Ke2 75. Be5 Nf2 76. Bg7 Ng4 77. Bf8 Ne3+ 78. Kb2 Kd3 79. Bg7 Nd1+ 80. Ka3 Nxc3 81. Kb4 Ne2 82. Kc5 d4 0-1

[Event "NOR-chT 1213"]
[Site "Norway"]
[Date "2012.11.02"]
[Round "4"]
[White "Moen, Andreas"]
[Black "Berg, Johan"]
[Result "1-0"]
[WhiteElo "2390"]
[BlackElo "2234"]
[PlyCount "67"]
[EventDate "2012.11.02"]
[EventType "team-tourn"]
[EventRounds "9"]
[EventCountry "NOR"]
[SourceTitle "EXT 2014"]
[Source "ChessBase"]
[SourceDate "2013.11.20"]
[SourceVersion "1"]
[SourceVersionDate "2013.11.20"]
[SourceQuality "1"]
[WhiteTeam "OSS"]
[BlackTeam "Black Knights"]
[WhiteTeamCountry "NOR"]
[BlackTeamCountry "NOR"]

1. e4 e5 2. Nf3 Nc6 3. Bb5 a6 4. Ba4 Nf6 5. 0-0 Be7 6. Re1 b5 7. Bb3 0-0 8. d3 d6 9. a4 Bg4 10. c3 b4 11. Nbd2 Rb8 12. h3 Bh5 13. Bc4 Qc8 14. a5 Rd8 15. Nf1 bxc3 16. bxc3 d5 17. exd5 Nxd5 18. Bd2 Nf4 19. Ng3 Bg6 20. Nxe5 Nxe5 21. Rxe5 Bxd3 22. Bxd3 Rxd3 23. Rxe7 Qd8 24. Qg4 Ng6 25. Bg5 Nxe7 26. Nf5 Qd7 27. Nxe7+ Kf8 28. Nf5 Rb5 29. Be7+ Ke8 30. Nxg7+ Kxe7 31. Re1+ Kf8 32. Re8+ Qxe8 33. Nxe8 f5 34. Qh4 1-0

[Event "NOR-chT 9900"]
[Site "Norway"]
[Date "2000.??.??"]
[Round "8"]
[White "Berg, Johan"]
[Black "Gronn, Atle"]
[Result "1-0"]
[WhiteElo "2246"]
[BlackElo "2362"]
[PlyCount "51"]
[EventDate "1999.??.??"]
[EventType "team"]
[EventRounds "9"]
[EventCountry "NOR"]
[SourceTitle "EXT 2001"]
[Source "ChessBase"]
[SourceDate "2000.11.22"]
[SourceVersion "1"]
[SourceVersionDate "2000.11.22"]
[SourceQuality "1"]

1. e4 d6 2. d4 Nf6 3. Bd3 g6 4. f4 Bg7 5. e5 Nd5 6. Nf3 Nb4 7. Be2 Bf5 8. Na3 dxe5 9. fxe5 c5 10. c3 Nd5 11. 0-0 cxd4 12. Nxd4 Bd7 13. Bf3 e6 14. c4 Bxe5 15. Re1 Qf6 16. Rxe5 Qxe5 17. cxd5 exd5 18. Bh6 Nc6 19. Nxc6 Bxc6 20. Qd2 0-0-0 21. Rc1 a6 22. b4 Rhe8 23. b5 axb5 24. Nxb5 Kd7 25. Bf4 Qf5 26. Nd6 1-0

[Event "NOR-chT 9900"]
[Site "Norway"]
[Date "2000.??.??"]
[Round "9"]
[White "Christenson, Flemming"]
[Black "Berg, Johan"]
[Result "1-0"]
[WhiteElo "2168"]
[BlackElo "2246"]
[PlyCount "65"]
[EventDate "1999.??.??"]
[EventType "team"]
[EventRounds "9"]
[EventCountry "NOR"]
[SourceTitle "EXT 2001"]
[Source "ChessBase"]
[SourceDate "2000.11.22"]
[SourceVersion "1"]
[SourceVersionDate "2000.11.22"]
[SourceQuality "1"]

1. d4 Nf6 2. c4 g6 3. Nc3 Bg7 4. e4 d6 5. h3 0-0 6. Bg5 a6 7. Nf3 c6 8. a4 Qa5 9. Bd2 e5 10. d5 Nbd7 11. Be2 Nc5 12. Qc2 Nh5 13. 0-0 Nf4 14. Rab1 Qd8 15. b4 Nd7 16. Rfd1 cxd5 17. Bxf4 exf4 18. Nxd5 f5 19. exf5 Rxf5 20. Nd4 Bxd4 21. Rxd4 f3 22. Bxf3 Rxf3 23. gxf3 Ne5 24. Qc3 Qg5+ 25. Kh2 Bxh3 26. Rg1 Qh6 27. Rg3 Bf1+ 28. Kg1 Be2 29. f4 Nd7 30. Qe3 Qg7 31. Qxe2 Qxd4 32. Qe6+ Kf8 33. Qxd6+ 1-0

[Event "NOR-chT 9899"]
[Site "Norway"]
[Date "1998.??.??"]
[Round "1"]
[White "Ogaard, Leif"]
[Black "Berg, Johan"]
[Result "1-0"]
[WhiteElo "2440"]
[BlackElo "2295"]
[PlyCount "112"]
[EventDate "1998.??.??"]
[EventType "team"]
[EventRounds "9"]
[EventCountry "NOR"]
[SourceTitle "EXT 2000"]
[Source "ChessBase"]
[SourceDate "1999.11.16"]
[SourceVersion "1"]
[SourceVersionDate "1999.11.16"]
[SourceQuality "1"]

1. d4 g6 2. c4 Bg7 3. Nf3 d6 4. Nc3 Nf6 5. Bg5 h6 6. Bh4 c5 7. e3 cxd4 8. exd4 g5 9. Bg3 Nh5 10. Be2 Bf5 11. 0-0 Qd7 12. Re1 Nxg3 13. hxg3 Nc6 14. d5 Ne5 15. Nd4 Bg6 16. f4 gxf4 17. gxf4 Nd3 18. Bxd3 Bxd4+ 19. Kh1 Bxc3 20. bxc3 Rg8 21. Bf1 h5 22. Qd4 b6 23. a4 Qc7 24. Ra2 Kf8 25. a5 bxa5 26. Rea1 Qb6 27. Rxa5 Qxd4 28. cxd4 Be4 29. Rxa7 Rxa7 30. Rxa7 Rg4 31. Kg1 Rxf4 32. Ra2 Kg7 33. Rd2 Bg6 34. Be2 Be4 35. Bxh5 Kh6 36. Bd1 Kg5 37. Bb3 Kh4 38. Rf2 Kg3 39. Rxf4 Kxf4 40. Kf2 e6 41. dxe6 fxe6 42. c5 dxc5 43. dxc5 e5 44. g3+ Kf5 45. Bd1 Bc6 46. Ke3 e4 47. Kd4 Kf6 48. Bg4 Kg5 49. Bc8 Kf6 50. Ke3 Kg6 51. Kf4 Kf6 52. Bg4 Bd5 53. Bf5 e3 54. Bd3 Ke6 55. Bf5+ Kf6 56. Bg4 Bc6 1-0

[Event "NOR-ch"]
[Site "Stavanger"]
[Date "1997.??.??"]
[Round "7"]
[White "Berg, Johan"]
[Black "Fossan, Petter"]
[Result "1/2-1/2"]
[WhiteElo "2220"]
[BlackElo "2260"]
[PlyCount "81"]
[EventDate "1997.??.??"]
[EventType "swiss"]
[EventRounds "9"]
[EventCountry "NOR"]
[SourceTitle "EXT 2001"]
[Source "ChessBase"]
[SourceDate "2000.11.22"]
[SourceVersion "1"]
[SourceVersionDate "2000.11.22"]
[SourceQuality "1"]

1. e4 c5 2. f4 g6 3. Nf3 Bg7 4. c3 d5 5. d3 Nc6 6. g3 e6 7. Bg2 Nge7 8. 0-0 0-0 9. Qe2 b6 10. e5 Bd7 11. Ng5 Qc7 12. g4 Rae8 13. Nd2 Nc8 14. Ndf3 f6 15. exf6 Bxf6 16. Bd2 Qd6 17. Qf2 h6 18. Nh3 Bg7 19. Rae1 e5 20. Qh4 e4 21. Ne5 g5 22. fxg5 Bxe5 23. gxh6 Qg6 24. dxe4 d4 25. Rf5 Bf6 26. g5 Be5 27. Ref1 Bxf5 28. exf5 Rxf5 29. Rxf5 Qxf5 30. Bxc6 Rf8 31. Bd5+ Kh8 32. Nf2 Nd6 33. Kg2 Bxh2 34. cxd4 Qxd5+ 35. Kxh2 Qf3 36. Kg1 Ne4 37. Nxe4 Qf1+ 38. Kh2 Qe2+ 39. Kh3 Qf1+ 40. Kh2 Qe2+ 41. Kh3 1/2-1/2

[Event "NOR-ch"]
[Site "Stavanger"]
[Date "1997.??.??"]
[Round "5"]
[White "Johansen, Terje"]
[Black "Berg, Johan"]
[Result "1-0"]
[WhiteElo "2240"]
[BlackElo "2220"]
[PlyCount "80"]
[EventDate "1997.??.??"]
[EventType "swiss"]
[EventRounds "9"]
[EventCountry "NOR"]
[SourceTitle "EXT 2001"]
[Source "ChessBase"]
[SourceDate "2000.11.22"]
[SourceVersion "1"]
[SourceVersionDate "2000.11.22"]
[SourceQuality "1"]

1. d4 Nf6 2. c4 g6 3. Nc3 Bg7 4. e4 d6 5. Nf3 0-0 6. Be2 e5 7. 0-0 Nc6 8. d5 Ne7 9. Ne1 Nd7 10. Be3 f5 11. f3 f4 12. Bf2 g5 13. a4 Rf7 14. a5 Nf6 15. c5 Bf8 16. b4 Rg7 17. cxd6 cxd6 18. Nb5 Ng6 19. Nxa7 g4 20. Nxc8 g3 21. Nb6 gxf2+ 22. Rxf2 Rb8 23. Bf1 Nh5 24. Rc2 Qh4 25. Rac1 Ng3 26. h3 Nxf1 27. Kxf1 Qg3 28. Qe2 Qh2 29. Qf2 Be7 30. Qg1 Qg3 31. Rc8+ Rxc8 32. Rxc8+ Nf8 33. Nd7 Rf7 34. Nxf8 Rxf8 35. Rxf8+ Kxf8 36. Qf2 Qg7 37. Qb6 Qg3 38. Qxb7 Bh4 39. Nd3 Qh2 40. Qb6 Qg3 1-0

[Event "NOR-ch"]
[Site "Norway"]
[Date "1996.??.??"]
[Round "1"]
[White "Berg, Johan"]
[Black "Fossan, Petter"]
[Result "0-1"]
[WhiteElo "2200"]
[BlackElo "2360"]
[PlyCount "66"]
[EventDate "1996.??.??"]
[EventType "swiss"]
[EventRounds "9"]
[EventCountry "NOR"]
[SourceTitle "EXT 1997"]
[Source "ChessBase"]
[SourceDate "1996.11.15"]
[SourceVersion "1"]
[SourceVersionDate "1996.11.15"]
[SourceQuality "1"]

1. e4 c5 2. Nf3 Nc6 3. d4 cxd4 4. Nxd4 e5 5. Nb5 d6 6. N1c3 a6 7. Na3 b5 8. Nd5 Nf6 9. Bg5 Be7 10. Bxf6 Bxf6 11. c3 0-0 12. g3 Bg5 13. Bg2 Ne7 14. 0-0 Bb7 15. Nxe7+ Qxe7 16. Qd3 Bc6 17. Rad1 Rad8 18. Nc2 a5 19. f4 Bf6 20. Ne3 b4 21. Ng4 exf4 22. gxf4 Rfe8 23. Qg3 Bh4 24. Qh3 Bb5 25. Rd5 Bxf1 26. Kxf1 bxc3 27. Qxc3 Rc8 28. Qd2 Rc4 29. Rxd6 Rec8 30. Ne3 Rxe4 31. Bxe4 Qxe4 32. Ng2 Qb1+ 33. Ne1 Re8 0-1

[Event "NOR-ch"]
[Site "Norway"]
[Date "1996.??.??"]
[Round "7"]
[White "Gullaksen, Eirik Tvedt"]
[Black "Berg, Johan"]
[Result "0-1"]
[WhiteElo "2325"]
[BlackElo "2200"]
[PlyCount "72"]
[EventDate "1996.??.??"]
[EventType "swiss"]
[EventRounds "9"]
[EventCountry "NOR"]
[SourceTitle "EXT 1997"]
[Source "ChessBase"]
[SourceDate "1996.11.15"]
[SourceVersion "1"]
[SourceVersionDate "1996.11.15"]
[SourceQuality "1"]

1. e4 e5 2. Nf3 Nc6 3. Bb5 a6 4. Ba4 Nf6 5. 0-0 Be7 6. Bxc6 dxc6 7. Qe1 Qd6 8. d4 Nd7 9. c3 0-0 10. Nbd2 b5 11. Nxe5 Nxe5 12. dxe5 Qxe5 13. f4 Qh5 14. Nf3 c5 15. f5 Re8 16. Qg3 Bb7 17. Re1 Bf8 18. Nd2 Re5 19. Qf3 Qh4 20. g3 Qh3 21. c4 Rae8 22. b3 Rxf5 23. Qxf5 Qxf5 24. exf5 Rxe1+ 25. Kf2 Re5 26. g4 Be7 27. Bb2 Bh4+ 28. Kf1 Re3 29. cxb5 axb5 30. Rc1 h6 31. Ba3 c4 32. Bc5 Rd3 33. Ke2 Bg5 34. Rc2 Rh3 35. Bg1 c3 36. Nb1 b4 0-1

[Event "NOR-ch"]
[Site "Norway"]
[Date "1996.??.??"]
[Round "6"]
[White "Madsen, Dag"]
[Black "Berg, Johan"]
[Result "0-1"]
[WhiteElo "2325"]
[BlackElo "2200"]
[PlyCount "106"]
[EventDate "1996.??.??"]
[EventType "swiss"]
[EventRounds "9"]
[EventCountry "NOR"]
[SourceTitle "EXT 1997"]
[Source "ChessBase"]
[SourceDate "1996.11.15"]
[SourceVersion "1"]
[SourceVersionDate "1996.11.15"]
[SourceQuality "1"]

1. d4 c5 2. d5 e5 3. e4 d6 4. c4 g6 5. Nc3 Bg7 6. Nge2 Nd7 7. h4 Ngf6 8. Ng3 h5 9. Be2 a6 10. Bg5 Rb8 11. Qc1 Qa5 12. a4 Nh7 13. Be3 Qd8 14. Nf1 Ndf6 15. f3 Bd7 16. g3 b6 17. Qd2 Rb7 18. Kf2 0-0 19. Kg2 Qe7 20. Nh2 Rfb8 21. Rhb1 Ne8 22. b4 f5 23. b5 f4 24. Bf2 fxg3 25. Bxg3 Qf8 26. Rg1 Bh6 27. Qd3 Ra7 28. Bd1 axb5 29. cxb5 Qf6 30. Ne2 Kh8 31. Bb3 Ng7 32. Ra2 g5 33. hxg5 Bxg5 34. Kf1 h4 35. Bf2 Rf8 36. Ke1 Nh5 37. Bc4 Nf4 38. Nxf4 Qxf4 39. Nf1 Qxf3 40. Qxf3 Rxf3 41. a5 Rc3 42. axb6 Rc1+ 43. Ke2 Rxa2+ 44. Bxa2 Bxb5+ 45. Kf3 Ba6 46. Ne3 Rxg1 47. Bxg1 Bd8 48. Bc4 Ng5+ 49. Kg2 Bc8 50. Nf5 Nxe4 51. b7 Bxb7 52. Be3 Bc8 53. Nh6 Kg7 0-1

[Event "NOR-ch"]
[Site "Norway"]
[Date "1996.??.??"]
[Round "4"]
[White "Nilssen, Sven Wisloff"]
[Black "Berg, Johan"]
[Result "1-0"]
[WhiteElo "2230"]
[BlackElo "2200"]
[PlyCount "71"]
[EventDate "1996.??.??"]
[EventType "swiss"]
[EventRounds "9"]
[EventCountry "NOR"]
[SourceTitle "EXT 1997"]
[Source "ChessBase"]
[SourceDate "1996.11.15"]
[SourceVersion "1"]
[SourceVersionDate "1996.11.15"]
[SourceQuality "1"]

1. e4 c5 2. Nf3 Nc6 3. d4 cxd4 4. Nxd4 g6 5. c4 Nf6 6. Nc3 d6 7. Be2 Nxd4 8. Qxd4 Bg7 9. Bg5 0-0 10. Qd2 Qa5 11. f3 a6 12. Rc1 b5 13. cxb5 axb5 14. Bxb5 Nxe4 15. fxe4 Bxc3 16. Qxc3 Qxb5 17. Bh6 e5 18. Bxf8 Ba6 19. Qd2 Rxf8 20. Kf2 Qb6+ 21. Kg3 f5 22. exf5 gxf5 23. h3 Kh8 24. Kh2 f4 25. Rhd1 Rf6 26. Rc3 e4 27. Rb3 Qc5 28. Qc3 Qxc3 29. Rxc3 d5 30. Rxd5 f3 31. Rc7 Rf8 32. Rdd7 Rb8 33. gxf3 e3 34. Rxh7+ Kg8 35. Rcg7+ Kf8 36. Rh8+ 1-0

[Event "NOR-ch"]
[Site "Norway"]
[Date "1996.??.??"]
[Round "2"]
[White "Ostenstad, Berge"]
[Black "Berg, Johan"]
[Result "1-0"]
[WhiteElo "2465"]
[BlackElo "2200"]
[PlyCount "53"]
[EventDate "1996.??.??"]
[EventType "swiss"]
[EventRounds "9"]
[EventCountry "NOR"]
[SourceTitle "EXT 1997"]
[Source "ChessBase"]
[SourceDate "1996.11.15"]
[SourceVersion "1"]
[SourceVersionDate "1996.11.15"]
[SourceQuality "1"]

1. d4 Nf6 2. Nf3 g6 3. c4 Bg7 4. Nc3 0-0 5. e4 d6 6. Be2 e5 7. 0-0 Nc6 8. d5 Ne7 9. Nd2 a5 10. Rb1 Kh8 11. a3 Bh6 12. b4 axb4 13. axb4 Ne8 14. c5 f5 15. Bb2 fxe4 16. Ndxe4 Nf5 17. Nb5 Qh4 18. Qc2 Bf4 19. g3 Qh3 20. Kh1 Bh6 21. cxd6 cxd6 22. Nbxd6 Nfxd6 23. Nxd6 Nxd6 24. Bxe5+ Bg7 25. Bxd6 Bf5 26. Bd3 Ra2 27. Bxf5 1-0

[Event "NOR-ch"]
[Site "Asker"]
[Date "1988.??.??"]
[Round "1"]
[White "Elseth, Roar"]
[Black "Berg, Johan"]
[Result "1/2-1/2"]
[WhiteElo "2300"]
[BlackElo "2200"]
[PlyCount "104"]
[EventDate "1988.??.??"]
[EventType "swiss"]
[EventRounds "9"]
[EventCountry "NOR"]
[SourceTitle "EXT 1997"]
[Source "ChessBase"]
[SourceDate "1996.11.15"]
[SourceVersion "1"]
[SourceVersionDate "1996.11.15"]
[SourceQuality "1"]

1. d4 Nf6 2. c4 c5 3. d5 b5 4. cxb5 a6 5. e3 d6 6. Nc3 g6 7. bxa6 Bg7 8. Bb5+ Nfd7 9. Nge2 0-0 10. 0-0 Nxa6 11. e4 Nc7 12. Bd3 Ne5 13. Bc2 Ba6 14. f4 Nc4 15. Bd3 Qb8 16. b3 Na3 17. Bxa6 Rxa6 18. Qd3 Qa7 19. Be3 Rb8 20. Rac1 Nab5 21. Nxb5 Nxb5 22. a4 Nc7 23. Rb1 Rab6 24. Rf3 Na6 25. Nc1 Qc7 26. Qe2 Nb4 27. Kh1 R6b7 28. Qc4 Qa5 29. Bd2 Rc7 30. Bc3 Bxc3 31. Qxc3 Qa7 32. Qc4 Na6 33. Na2 Rcb7 34. e5 Nb4 35. Nc3 Rd8 36. Nb5 Qb8 37. exd6 exd6 38. Re1 Rbd7 39. Rfe3 Rf8 40. f5 Qa8 41. fxg6 fxg6 42. Rd1 Rf6 43. Re6 Rdf7 44. Nxd6 Qxd5 45. Ree1 Qxc4 46. bxc4 Ra7 47. Re8+ Kg7 48. Re5 Kh6 49. Rxc5 Nd3 50. Ne4 Rf4 51. Rd5 Rxe4 52. R5xd3 Rxc4 1/2-1/2

[Event "World U20-ch18"]
[Site "Skien"]
[Date "1979.07.??"]
[Round "4"]
[White "Motwani, Paul"]
[Black "Berg, Johan"]
[Result "1-0"]
[WhiteElo "2200"]
[BlackElo "2200"]
[PlyCount "73"]
[EventDate "1979.08.28"]
[EventType "swiss"]
[EventRounds "13"]
[EventCountry "NOR"]
[SourceTitle "EXT 2020"]
[Source "ChessBase"]
[SourceDate "2019.10.17"]
[SourceVersion "1"]
[SourceVersionDate "2019.10.17"]
[SourceQuality "1"]

1. e4 c5 2. Nf3 d6 3. d4 cxd4 4. Qxd4 Bd7 5. Bg5 Nc6 6. Qd2 g6 7. Bb5 Bg7 8. c4 Nf6 9. Nc3 0-0 10. 0-0 Rc8 11. Bxc6 Bxc6 12. Rfe1 Kh8 13. Rac1 Nd7 14. Nd5 Re8 15. Bh6 Bxd5 16. exd5 Nf6 17. Ng5 Kg8 18. Bxg7 Kxg7 19. Re3 b5 20. cxb5 Rxc1+ 21. Qxc1 Nxd5 22. Rh3 h5 23. Rf3 Nf6 24. Qc3 e5 25. h4 Re7 26. a4 d5 27. Qc6 Rc7 28. Rxf6 Rxc6 29. Rxf7+ Kg8 30. bxc6 Qc8 31. c7 a5 32. Re7 Kf8 33. Rxe5 Kg8 34. Re7 Kf8 35. Rf7+ Kg8 36. Rf6 Kg7 37. Rd6 1-0